| 000 | 00858cam a22002651 4500 | ||
|---|---|---|---|
| 001 | sa 67000255 | ||
| 003 | DLC | ||
| 005 | 20260227112313.0 | ||
| 008 | 730705s1966 ii bf b 000 0 eng | ||
| 010 | _asa 67000255 | ||
| 025 | _aPL480:I-E-6761 | ||
| 035 | _a(OCoLC)652038 | ||
| 040 |
_aDLC _cOWibfU _dOCoLC _dNBrockU _dDLC |
||
| 042 | _apremarc | ||
| 043 | _aa-ii--- | ||
| 050 | 0 | 0 |
_aDS484 _b.N5 1966 |
| 082 | _a954.802 | ||
| 100 | 2 |
_aNilakanta Sastri, K. A. _q(Kallidaikurichi Aiyah), _d1892-1975. |
|
| 245 | 1 | 2 |
_aA history of South India from prehistoric times to the fall of Vijayanagar _c[by] K.A. Nilakanta Sastri. |
| 250 | _a3d ed. | ||
| 260 |
_a[Madras] _bIndian Branch, Oxford University Press, _c1966. |
||
| 300 |
_axiv, 520 p. _bcol. map, plates (1 col.) _c22 cm. |
||
| 504 | _aIncludes bibliographies. | ||
| 651 | 0 |
_aIndia, South _xHistory. |
|
| 999 |
_c71857 _d71857 |
||